000 01014cam a2200253 i 4500
005 20160113095138.0
008 990309s1997 ve b b 000 0 spa d
020 _a9800742492
040 _aUVZ
_cUVZ
_dDLC
_dCO-BoIAVH
041 _aspa
042 _alccopycat
043 _as-ve---
044 _ave
082 0 4 _a333.78316
_bC56c
245 0 0 _aCiencia y conservación en el sistema de parques nacionales de Venezuela :
_buna experiencia de cooperación interinstitucional /
_ccomite editor, editor principal, Isabel Novo Torres y (otros cuatro editores).
260 _aVenezuela :
_bEcoNatura,
_c1997.
300 _axiv, 356 p. :
_bilustraciones y mapas ;
_c28 cm.
504 _aIncluye referencias bibliográficas.
650 1 4 _aParques nacionales
_zVenezuela.
650 2 4 _aÁreas de conservación de recursos naturales
_zVenezuela.
700 1 _aNovo Torres, Isabel,
_eeditora.
942 _2ddc
_cLIBRO
999 _c3774
_d3774